000
00215nam a2200097Ia 4500
008
240331s9999 xx 000 0 und d
082
_b
GLO
100
_a
Gloppen, S
245
0
_a
Human rghts and development
942
_c
L
999
_c
2487
_d
2487